000 01007nam a2200265Ia 4500
003 OSt
005 20221005105551.0
006 a|||||r|||| 00| 0
007 ta
008 221004b |||||||| |||| 00| 0 hin d
020 _cIndian Rupees 500
024 _a27861
037 _bGift, 30/09/2016,
_cTextual
040 _aCRL
_cCRL
_bhin
041 _2hin
_ahin
082 _aNT447185(Y:351), 152Q4
100 _aमहावर, निरंजन
245 0 _aपंडवानी
_b महाभारत की एक लोक नाट्य शैली
246 _aPanḍavānī: mahābhārat kī ek lok nāṭya shailī
260 _aनई दिल्ली
_bराधाकृष्ण प्रकाशन भारत
_c2014
300 _a115पृ0
_ccm.
650 _aल्थ्ल्त् क्ल्ज्ञ
942 _hNT447185(Y:351), 152Q4
_cTEXL
_2cc
999 _c1016191
_d1016191